000 00554nam a2200205 4500
001 44954
090 _a44954
100 _a20151002d1989 m y0pory50030103ba
101 1 _apor
102 _aPT
200 1 _aA vingança de Hamlet
_fMichael Innes
_gtrad. Samuel Soares
210 9 _aLisboa
_cLivros do Brasil,
_d1989
215 _a304, [7] p.
_d16 cm
225 2 _aVampiro
_v498
304 _aTít. orig.: Hamlet, revenge!
675 _a821.111-312.4"19"
_vBN
_zpor
700 1 _aInnes,
_bMichael,
702 1 _aSoares,
_bSamuel
_4730
801 0 _aPT
_bBN
_gRPC
990 _cLIVROS